Anti-Jokes: Guess the Punchline - Statistics

General Stats
  • This quiz has been taken 29 times
  • The average score is 4 of 10
Answer Stats
Hint Answer % Correct
What is blue and smells like red paint? Blue paint
88%
What is brown and sticky? A stick
72%
What do you call a Jamaican plumber? A plumber
56%
What did the man say when he lost his truck? Where is my truck?
48%
Why can't a T-Rex clap it's hands? They're extinct
44%
What is red and bad for your teeth? A brick
24%
What do you call the medical student that graduates last in their class? Doctor
24%
What is green and fuzzy and if it falls from a tree it will kill you? A pool table
20%
Where did Susie go during the bombing? Everywhere
12%
What kind of fish doesn't swim? Dead ones
4%
No matching quizzes found
Score Distribution
Percent of People with Each Score
Percentile by Number Answered
Your Score History
You have not taken this quiz